| 000 | 01012nmc a2200373 a 4500 | ||
|---|---|---|---|
| 003 | AR-BaBNM | ||
| 005 | 20251128204757.0 | ||
| 008 | 011101s1984 ||||||||||||||000 | spa|| | ||
| 020 | _a968-16-11490-9 | ||
| 040 | _cAR-BaBNM | ||
| 245 | 1 | 0 |
_aFenomenología y educación _bautoconciencia y su desarrollo |
| 250 | _a1ª ed. | ||
| 260 |
_aMéxico, D.F. _bFondo de Cultura Económica _c1984 |
||
| 300 | 0 | _a284 p. | |
| 490 | 0 |
_aBreviarios _vv. 354 |
|
| 500 | 0 | _aTraducción de Cristóbal Newberry Retana | |
| 600 | 1 | 4 | _aPiaget, Jean |
| 600 | 1 | 4 | _aKierkegaard, Sören |
| 650 | 4 | _aFENOMENOLOGIA | |
| 650 | 4 | _aFILOSOFIA DE LA EDUCACION | |
| 650 | 4 | _aCONOCIMIENTO | |
| 650 | 4 | _aCONCIENCIA | |
| 650 | 4 | _aCAUSALIDAD | |
| 650 | 4 | _aEPISTEMOLOGIA | |
| 650 | 4 | _aONTOLOGIA | |
| 650 | 4 | _aMEMORIA | |
| 650 | 4 | _aEDUCACION NO FORMAL | |
| 650 | 4 | _aNINOS | |
| 650 | 4 | _aANALISIS FUNCIONAL | |
| 700 | 1 |
_aCurtis, Bernard _ecompilador |
|
| 700 | 1 |
_aMays, Wolfe _ecompilador |
|
| 942 | _cBK | ||
| 998 | _cGLORIA | ||
| 999 |
_c8784 _d8784 |
||